000 01713nam0a2200385 i 4500
001 RU\NLR\bibl\2055745
005 20260406023456.0
010 _a9785903840144
021 _aRU
_b2013-49773
_93448
035 _a(nilc)RuMoRGB-006599959
035 _a(NLR Aleph) 002042654
090 _a4603530
_c4603530
100 _a20130702d2013 u y0rusy50 ca
101 0 _arus
102 _aRU
105 _aa |||||||||
200 1 _aГосударственные корпорации и общественные финансы
_dState owned corporations and public finance
_fМ. С. Сафонов
_zeng
210 _aМосква
_cИРОФ
_d2013
215 _a255 с.
_cил., табл.
_d24
225 1 _aОбщественные финансы
_dPublic finance
_v2013, вып. 1 (27
_zeng
300 _aАвт. также на англ. яз.: M.S. Safonov
320 _aБиблиогр.: с. 139-145
510 0 _6z73790
_aState owned corporations and public finance
_zeng
606 1 _aКорпорации
_xГосударственное регулирование
_yРоссийская Федерация
_92447778
_3RU\NLR\auth\661455635
686 _aУ21(2)25(2Р)
686 _aУ9(2)-13(2Р)
700 1 _4070
_8rus
_7ca
_aСафонов
_bМ. С.
_f1964-
_cканд. экон. наук
_gМаксим Сергеевич
_3RU\NLR\auth\77125034
_9107959
790 1 _4070
_8rus
_7ba
_aSafonov
_bM. S.
_f1964-
_cканд. экон. наук
_gMaksim Sergeevič
_3RU\NLR\auth\77125035
_9107960
801 0 _aRU
_bRuMoRKP
_c20130702
_gRCR
801 2 _aRU
_bРГБ
_c20130711
_grcr
801 1 _aRU
_bRuMoRKP
_c20130702
_2rusmarc
801 2 _aRU
_bNLR
_c20130719
_grcr
942 _cBOOK
980 _aNBR